Economistas españoles de los siglos XVI y XVII / (Record no. 162901)

MARC details
000 -LEADER
campo de control de longitud fija 00779nam a2200193 i 4500
001 - NÚMERO DE CONTROL
campo de control 162901
003 - IDENTIFICADOR DE NÚMERO DE CONTROL
campo de control ES-MaACL
005 - FECHA Y HORA DE LA ÚLTIMA TRANSACCIÓN
campo de control 20250907063124.0
008 - DATOS DE LONGITUD FIJA--INFORMACIÓN GENERAL
campo de control de longitud fija 031001s1887 sp |||| | spa d
040 ## - FUENTE DE CATALOGACIÓN
Centro catalogador/agencia de origen CCPB | B
Lengua de catalogación spa
Centro/agencia transcriptor CCPB | B
100 1# - ENTRADA PRINCIPAL--NOMBRE DE PERSONA
Nombre de persona Rahola y Trémols, Federico,
Fechas asociadas al nombre 1858-1919
9 (RLIN) 95016
245 10 - MENCIÓN DEL TÍTULO
Título Economistas españoles de los siglos XVI y XVII /
Mención de responsabilidad, etc. Federico Rahola.
260 ## - PUBLICACIÓN, DISTRIBUCIÓN, ETC.
Lugar de publicación, distribución, etc. Barcelona :
Nombre del editor, distribuidor, etc. imprenta de Luís Tasso Serra,
Fecha de publicación, distribución, etc. 1887.
300 ## - DESCRIPCIÓN FÍSICA
Extensión 83 p. ;
Dimensiones 18 cm.
650 #4 - PUNTO DE ACCESO ADICIONAL DE MATERIA--TÉRMINO DE MATERIA
Término de materia o nombre geográfico como elemento de entrada Economía-
Subdivisión geográfica España-
Subdivisión cronológica S.XVI.
9 (RLIN) 163703
650 #4 - PUNTO DE ACCESO ADICIONAL DE MATERIA--TÉRMINO DE MATERIA
Término de materia o nombre geográfico como elemento de entrada Economía-
Subdivisión geográfica España-
Subdivisión cronológica S.XVII.
9 (RLIN) 163704
852 ## - LOCALIZACIÓN
Ubicación ES-MaACL
Número de control de estantería T-1300-F-3
Nota libre -- Enc. hol., conservando la enc. original
Encuadernación -- T260: La fecha consta en la cub. posterior; el texto esta fechado en 1885
Holdings
Estatus retirado Estado de pérdida Estado de daño No para préstamo Colección Biblioteca de origen Biblioteca actual Ubicación en estantería Fecha de adquisición Total de préstamos Signatura topográfica completa Código de barras Visto por última vez Precio de reemplazo Tipo de ítem Koha
        Colección de folletos Biblioteca del Ateneo de Madrid Biblioteca del Ateneo de Madrid Depósito folletos 17/01/2008   T-1300-F-3 1170681 23/02/2023 23/02/2023 Folleto